000 00853cam a2200277 4500
008 090401t1992 xxu||||| |||| 00| 0 eng d
020 _a085121777X
035 _a(Sirsi) u65296
041 _aeng
050 _a346.49207
100 _aHoyng, Willem A.
245 4 _aThe Netherlands: practical commercial law.
260 _aLondon
_bLongman
_c1992
300 _aix,261p. ; 22cm.
350 _a32
490 _aEuropean Commercial Law Series
520 _aA guide to commercial law and practice in the Netherlands with an introduction covering the sources of Dutch law, the courts and the legal profession.
650 _aCOMMERCIAL LAW
650 _aCOMPANY LAW
650 _aInsolvency
_96247
690 _aOVERSEAS-EUROPE
700 _aRoelvink, Julie A.
700 _aSchlingmann, Francine M.
942 _n0
948 _c04/03/1997
999 _c94750
_d94750